The camping trip : Family and friends 2 / (Record no. 7411)

MARC details
000 -LEADER
fixed length control field 00952nam a22002897a 4500
001 - CONTROL NUMBER
control field 7411
003 - CONTROL NUMBER IDENTIFIER
control field FISKH
005 - DATE AND TIME OF LATEST TRANSACTION
control field 20250714101420.0
008 - FIXED-LENGTH DATA ELEMENTS--GENERAL INFORMATION
fixed length control field 250714b cb ||||| |||| 00| 0 eng d
020 ## - INTERNATIONAL STANDARD BOOK NUMBER
International Standard Book Number 9780194802581
040 ## - CATALOGING SOURCE
Original cataloging agency FISKH
Language of cataloging eng
Transcribing agency FISKH
Modifying agency FISKH
050 ## - LIBRARY OF CONGRESS CALL NUMBER
Classification number PZ7
082 ## - DEWEY DECIMAL CLASSIFICATION NUMBER
Classification number 420.207
100 ## - MAIN ENTRY--PERSONAL NAME
Personal name Grainger, Kirstie
245 ## - TITLE STATEMENT
Title The camping trip : Family and friends 2 /
Statement of responsibility, etc. By Kirstie Grainger ; Illustrated by Steve Cox
250 ## - EDITION STATEMENT
Edition statement This edition published in 2014
260 ## - PUBLICATION, DISTRIBUTION, ETC.
Place of publication, distribution, etc. New York :
Name of publisher, distributor, etc. Oxford University Press,
Date of publication, distribution, etc. 2009
300 ## - PHYSICAL DESCRIPTION
Extent 28 pages :
Other physical details color illustrations ;
Dimensions 25 cm
505 ## - FORMATTED CONTENTS NOTE
Formatted contents note J<br/>
520 ## - SUMMARY, ETC.
Summary, etc. An exceptionally strong skills training programme which covers language skills, phonics, and civic education skills.
521 8# - TARGET AUDIENCE NOTE
Target audience note 500<br/>
Source Lexile estimate<br/>
521 8# - TARGET AUDIENCE NOTE
Target audience note J<br/>
Source Raz-Plus<br/>
648 ## - SUBJECT ADDED ENTRY--CHRONOLOGICAL TERM
Chronological term Family
Form subdivision Trip
General subdivision Camping
700 ## - ADDED ENTRY--PERSONAL NAME
Personal name Cox, Steve
Relator term illustrator
942 ## - ADDED ENTRY ELEMENTS (KOHA)
Source of classification or shelving scheme Dewey Decimal Classification
Koha item type Books
Suppress in OPAC No
Holdings
Withdrawn status Lost status Source of classification or shelving scheme Damaged status Not for loan Collection Home library Current library Shelving location Date acquired Total Checkouts Full call number Barcode Date last seen Copy number Price effective from Koha item type
    Dewey Decimal Classification     Non-Fiction Footprints International School Library Network Toul Kork Campus Footprints International School Library Network Toul Kork Campus TK Primary Library Room(4th Floor), Bookcase 1&2, Shelves 1-16, Dark Blue Books 07/14/2025   GRA 420.207 PZ7 2025-1846 07/14/2025 1 07/14/2025 Books